Missing Word: Best Original Screenplay (A-Z) Quiz Stats

 Plays Quiz Updated Aug 10, 2018

Score 0/21 Timer 02:00
0 Plays Today
Film (Year) Missing Word % Correct
Citizen ____ (1941)Kane
96.3%
Thelma & _______ (1991)Louise
96.3%
Dead ______ Society (1989)Poets
95.6%
Good _____ Hunting (1997)Will
91.3%
Dog Day __________ (1975)Afternoon
91.1%
_________ Sunshine of the Spotless Mind (2004)Eternal
89.8%
________ Boulevard (1950)Sunset
88.9%
Django __________ (2012)Unchained
88.6%
Lost in _________ (2003)Translation
80.6%
Almost ______ (2000)Famous
78.5%
Woman of the ____ (1942)Year
74.9%
Film (Year) Missing Word % Correct
Get ___ (2017)Out
73.5%
_____ Man (1988)Rain
66.9%
The ________ Game (1992)Crying
63.4%
___________ by The Sea (2016)Manchester
62.9%
________ Park (2001)Gosford
56.9%
Places in the ______ (1984)Heart
52.8%
Divorce _______ Style (1962)Italian
49%
__________ Away (1979)Breaking
44.5%
The ________ Ones (1958)Defiant
43%
The Seventh ____ (1946)Veil
30.7%

Today's Daily Dose

Missing Word
Video Games (A-Z)

Get the Picture
Tom Hanks

You're not logged in!

Compare scores with friends on all Sporcle quizzes.
OR
Log In

Sporcle TV

Today on Sporcle TV


Watch our educational content, quiz creation guides, and fun videos on Sporcle TV.

Show Comments

Extras

Top Quizzes Today


Score Distribution

Your Account Isn't Verified!

In order to create a playlist on Sporcle, you need to verify the email address you used during registration. Go to your Sporcle Settings to finish the process.

Report this User

Report this user for behavior that violates our Community Guidelines.

Details: